Piling Engineering (Record no. 546489)
[ view plain ]
| 000 -LEADER | |
|---|---|
| fixed length control field | 00489nam a2200169 a 4500 |
| 020 ## - INTERNATIONAL STANDARD BOOK NUMBER | |
| International Standard Book Number | 0903384353 (hb) |
| 082 ## - DEWEY DECIMAL CLASSIFICATION NUMBER | |
| Classification number | 624.154 |
| Author Mark | FLE |
| -- | L-15, P-43 |
| 100 ## - MAIN ENTRY--PERSONAL NAME | |
| Personal name | W.G.K Fleming Weltman |
| 9 (RLIN) | 42636 |
| 245 1# - TITLE STATEMENT | |
| Title | Piling Engineering |
| 260 ## - PUBLICATION, DISTRIBUTION, ETC. | |
| Place of publication, distribution, etc. | Glasgow: |
| Name of publisher, distributor, etc. | Surrey University Press, |
| Date of publication, distribution, etc. | 1985 |
| 300 ## - PHYSICAL DESCRIPTION | |
| Extent | xii, 380p. |
| 526 ## - STUDY PROGRAM INFORMATION NOTE | |
| Program name | 0 |
| Interest level | 0 |
| Reading level | 0 |
| Title point value | 624_154000000000000_FLE |
| 650 ## - SUBJECT ADDED ENTRY--TOPICAL TERM | |
| Topical term or geographic name entry element | MCE |
| 9 (RLIN) | 379 |
| 650 ## - SUBJECT ADDED ENTRY--TOPICAL TERM | |
| Topical term or geographic name entry element | Piling (Civil Engineering) |
| 9 (RLIN) | 26808 |
| 700 ## - ADDED ENTRY--PERSONAL NAME | |
| Personal name | Fleming, W. G. K. (ed.) |
| 9 (RLIN) | 42637 |
| 942 ## - ADDED ENTRY ELEMENTS (KOHA) | |
| Source of classification or shelving scheme | |
| Koha item type | Book |
| Withdrawn status | Lost status | Source of classification or shelving scheme | Damaged status | Not for loan | Permanent Location | Current Location | Date acquired | Total Checkouts | Full call number | Barcode | Date last seen | Date last checked out | Price effective from | Koha item type |
|---|---|---|---|---|---|---|---|---|---|---|---|---|---|---|
| Military College of Engineering (MCE) | Military College of Engineering (MCE) | 06/12/2014 | 1 | 624.154 FLE | MCE-24358 | 04/17/2017 | 02/21/2017 | 06/12/2014 | Book |
